| 000 | 00363nam a2200145Ia 4500 | ||
|---|---|---|---|
| 008 | 230917s9999||||xx |||||||||||||| ||und|| | ||
| 040 |
_e144009 _aMAIN |
||
| 041 | _aEnglish | ||
| 082 | _a380.101 H248I | ||
| 100 | _aHarris, S E | ||
| 245 | 0 | _aInternational and interegional economic | |
| 260 |
_aNew York _bMcGraw-Hill _c1957 |
||
| 300 | _a564 p. | ||
| 942 | _cBK | ||
| 999 |
_c123835 _d123835 |
||